[Event "DVM U20 2023"]
[Site "Magdeburg GER"]
[Date "2023.12.29"]
[Round "6"]
[White "Triantafillidis, Simeon"]
[Black "Gallas, Noel"]
[Result "1-0"]
[Termination "normal"]
[Board "7.2"]
[WhiteElo "2026"]
[BlackElo "1931"]
[WhiteClock "00:01:50"]
[BlackClock "00:01:48"]
[WhiteTeam "SF HN-Biberach 1978"]
[BlackTeam "SF Essen-Katernberg 04/32"]
[PlyCount "65"]
[WhiteFideId "12953113"]
[BlackFideId "16216059"]
[EventCountry "GER"]
[EventRounds "7"]
[EventType "team-swiss"]
[EventDate "2023.12.26"]

1. e4 {[%clk 01:30:58]} {[%emt 00:00:02]} e6 {[%clk 01:30:51]} {[%emt
00:00:09]} 2. d4 {[%clk 01:31:20]} {[%emt 00:00:08]} d5 {[%clk 01:31:15]}
{[%emt 00:00:06]} 3. e5 {[%clk 01:31:44]} {[%emt 00:00:06]} c5 {[%clk
01:31:22]} {[%emt 00:00:23]} 4. c3 {[%clk 01:32:08]} {[%emt 00:00:06]} Qb6
{[%clk 01:31:18]} {[%emt 00:00:34]} 5. Nf3 {[%clk 01:32:12]} {[%emt 00:00:26]}
Nc6 {[%clk 01:31:27]} {[%emt 00:00:21]} 6. a3 {[%clk 01:32:14]} {[%emt
00:00:27]} Nh6 {[%clk 01:31:09]} {[%emt 00:00:49]} 7. Bxh6 {[%clk 01:22:56]}
{[%emt 00:09:47]} gxh6 {[%clk 01:21:40]} {[%emt 00:09:59]} 8. b4 {[%clk
01:21:55]} {[%emt 00:01:31]} cxd4 {[%clk 01:21:21]} {[%emt 00:00:49]} 9. cxd4
{[%clk 01:22:14]} {[%emt 00:00:11]} Rg8 {[%clk 01:18:20]} {[%emt 00:03:31]} 10.
Nc3 {[%clk 00:53:49]} {[%emt 00:28:54]} Bd7 {[%clk 01:11:27]} {[%emt 00:07:24]}
11. Na4 {[%clk 00:52:10]} {[%emt 00:02:09]} Qd8 {[%clk 01:09:14]} {[%emt
00:02:42]} 12. g3 {[%clk 00:49:05]} {[%emt 00:03:36]} Rc8 {[%clk 00:44:29]}
{[%emt 00:25:16]} 13. Bd3 {[%clk 00:45:14]} {[%emt 00:04:20]} Na5 {[%clk
00:40:09]} {[%emt 00:04:49]} 14. Nc5 {[%clk 00:34:28]} {[%emt 00:11:17]} Bxc5
{[%clk 00:39:06]} {[%emt 00:01:33]} 15. bxc5 {[%clk 00:34:47]} {[%emt
00:00:11]} Nc4 {[%clk 00:37:33]} {[%emt 00:02:03]} 16. O-O {[%clk 00:34:13]}
{[%emt 00:01:04]} Kf8 {[%clk 00:25:03]} {[%emt 00:13:00]} 17. Bxh7 {[%clk
00:32:22]} {[%emt 00:02:22]} Rh8 {[%clk 00:25:09]} {[%emt 00:00:25]} 18. Bd3
{[%clk 00:29:36]} {[%emt 00:03:15]} Qa5 {[%clk 00:24:04]} {[%emt 00:01:35]} 19.
Qb3 {[%clk 00:27:56]} {[%emt 00:02:10]} Bc6 {[%clk 00:23:52]} {[%emt 00:00:42]}
20. Qb4 {[%clk 00:27:16]} {[%emt 00:01:11]} Qd8 {[%clk 00:23:21]} {[%emt
00:01:00]} 21. Nd2 {[%clk 00:25:50]} {[%emt 00:01:57]} Qg5 {[%clk 00:22:58]}
{[%emt 00:00:53]} 22. Nxc4 {[%clk 00:18:30]} {[%emt 00:07:49]} dxc4 {[%clk
00:23:11]} {[%emt 00:00:18]} 23. Qxc4 {[%clk 00:18:40]} {[%emt 00:00:19]} h5
{[%clk 00:21:37]} {[%emt 00:02:04]} 24. Qc1 {[%clk 00:17:26]} {[%emt 00:01:44]}
Qg4 {[%clk 00:19:55]} {[%emt 00:02:12]} 25. Qe3 {[%clk 00:15:50]} {[%emt
00:02:07]} h4 {[%clk 00:14:32]} {[%emt 00:05:53]} 26. f3 {[%clk 00:13:46]}
{[%emt 00:02:34]} Qh3 {[%clk 00:11:54]} {[%emt 00:03:08]} 27. g4 {[%clk
00:13:14]} {[%emt 00:01:01]} Rg8 {[%clk 00:10:41]} {[%emt 00:01:44]} 28. Qf4
{[%clk 00:11:53]} {[%emt 00:01:50]} Rd8 {[%clk 00:06:21]} {[%emt 00:04:51]} 29.
Be4 {[%clk 00:05:05]} {[%emt 00:07:17]} Rxd4 {[%clk 00:03:28]} {[%emt
00:03:22]} 30. Rad1 {[%clk 00:04:43]} {[%emt 00:00:52]} Bxe4 {[%clk 00:01:28]}
{[%emt 00:02:31]} 31. Rxd4 {[%clk 00:04:23]} {[%emt 00:00:49]} Bd5 {[%clk
00:01:27]} {[%emt 00:00:31]} 32. Rxd5 {[%clk 00:01:30]} {[%emt 00:03:24]} exd5
{[%clk 00:01:48]} {[%emt 00:00:09]} 33. Rd1 {[%clk 00:01:50]} {[%emt 00:00:10]}
1-0

[Event "DVM U20 2023"]
[Site "Magdeburg GER"]
[Date "2023.12.29"]
[Round "6"]
[White "Jahrke, Jonas"]
[Black "Späth, René"]
[Result "1-0"]
[Termination "normal"]
[Board "7.3"]
[WhiteElo "1831"]
[BlackElo "1588"]
[WhiteClock "00:24:19"]
[BlackClock "00:24:25"]
[WhiteTeam "SF Essen-Katernberg 04/32"]
[BlackTeam "SF HN-Biberach 1978"]
[PlyCount "59"]
[WhiteFideId "12984353"]
[BlackFideId "16224272"]
[EventCountry "GER"]
[EventRounds "7"]
[EventType "team-swiss"]
[EventDate "2023.12.26"]

1. Nf3 {[%clk 01:30:53]} {[%emt 00:00:06]} d5 {[%clk 01:30:50]} {[%emt
00:00:10]} 2. g3 {[%clk 01:31:17]} {[%emt 00:00:07]} Nf6 {[%clk 01:30:55]}
{[%emt 00:00:25]} 3. Bg2 {[%clk 01:31:38]} {[%emt 00:00:10]} Bf5 {[%clk
01:29:59]} {[%emt 00:01:25]} 4. O-O {[%clk 01:31:27]} {[%emt 00:00:40]} e6
{[%clk 01:28:37]} {[%emt 00:01:52]} 5. b3 {[%clk 01:31:26]} {[%emt 00:00:31]}
Be7 {[%clk 01:26:32]} {[%emt 00:02:34]} 6. Bb2 {[%clk 01:31:33]} {[%emt
00:00:24]} O-O {[%clk 01:26:43]} {[%emt 00:00:20]} 7. c4 {[%clk 01:31:32]}
{[%emt 00:00:30]} c6 {[%clk 01:26:05]} {[%emt 00:01:07]} 8. d3 {[%clk
01:31:25]} {[%emt 00:00:38]} h6 {[%clk 01:25:22]} {[%emt 00:01:13]} 9. Nbd2
{[%clk 01:31:20]} {[%emt 00:00:34]} Nbd7 {[%clk 01:24:55]} {[%emt 00:00:58]}
10. Rc1 {[%clk 01:31:09]} {[%emt 00:00:41]} Rc8 {[%clk 01:24:46]} {[%emt
00:00:39]} 11. Rc2 {[%clk 01:29:46]} {[%emt 00:01:54]} Re8 {[%clk 01:22:08]}
{[%emt 00:03:07]} 12. Qa1 {[%clk 01:29:41]} {[%emt 00:00:35]} Bf8 {[%clk
01:19:26]} {[%emt 00:03:13]} 13. Rfc1 {[%clk 01:29:32]} {[%emt 00:00:37]} a6
{[%clk 01:16:15]} {[%emt 00:03:42]} 14. h3 {[%clk 01:29:36]} {[%emt 00:00:27]}
Qe7 {[%clk 01:11:33]} {[%emt 00:05:11]} 15. Ne5 {[%clk 01:26:38]} {[%emt
00:03:29]} Red8 {[%clk 01:01:12]} {[%emt 00:10:50]} 16. Ndf3 {[%clk 01:17:23]}
{[%emt 00:09:44]} Ne8 {[%clk 00:59:55]} {[%emt 00:01:48]} 17. Kh2 {[%clk
01:03:45]} {[%emt 00:14:07]} f6 {[%clk 00:57:08]} {[%emt 00:03:18]} 18. Nxd7
{[%clk 01:03:20]} {[%emt 00:00:56]} Qxd7 {[%clk 00:56:50]} {[%emt 00:00:48]}
19. cxd5 {[%clk 00:50:18]} {[%emt 00:13:31]} exd5 {[%clk 00:55:59]} {[%emt
00:01:22]} 20. Rd2 {[%clk 00:41:49]} {[%emt 00:08:58]} Bb4 {[%clk 00:52:55]}
{[%emt 00:03:35]} 21. Bc3 {[%clk 00:41:54]} {[%emt 00:00:24]} Bxc3 {[%clk
00:52:47]} {[%emt 00:00:38]} 22. Qxc3 {[%clk 00:41:36]} {[%emt 00:00:49]} Qe7
{[%clk 00:52:13]} {[%emt 00:01:04]} 23. e3 {[%clk 00:35:07]} {[%emt 00:06:59]}
Nd6 {[%clk 00:50:45]} {[%emt 00:01:58]} 24. a4 {[%clk 00:35:03]} {[%emt
00:00:34]} Kf8 {[%clk 00:49:55]} {[%emt 00:01:19]} 25. Nd4 {[%clk 00:34:03]}
{[%emt 00:01:31]} Bh7 {[%clk 00:50:01]} {[%emt 00:00:24]} 26. Ne2 {[%clk
00:32:55]} {[%emt 00:01:37]} Kg8 {[%clk 00:43:54]} {[%emt 00:06:38]} 27. Nf4
{[%clk 00:32:30]} {[%emt 00:00:55]} Nf7 {[%clk 00:37:09]} {[%emt 00:07:15]} 28.
Rdc2 {[%clk 00:27:32]} {[%emt 00:05:28]} Ng5 {[%clk 00:25:54]} {[%emt
00:11:44]} 29. Bxd5+ {[%clk 00:23:57]} {[%emt 00:04:05]} cxd5 {[%clk 00:24:25]}
{[%emt 00:01:59]} 30. Qxc8 {[%clk 00:24:19]} {[%emt 00:00:09]} 1-0

[Event "DVM U20 2023"]
[Site "Magdeburg GER"]
[Date "2023.12.29"]
[Round "6"]
[White "Epp, Magnus"]
[Black "Rasch, Lukas"]
[Result "0-1"]
[Termination "normal"]
[Board "7.4"]
[WhiteElo "1478"]
[BlackElo "1663"]
[WhiteClock "00:30:16"]
[BlackClock "00:46:33"]
[WhiteTeam "SF HN-Biberach 1978"]
[BlackTeam "SF Essen-Katernberg 04/32"]
[PlyCount "106"]
[WhiteFideId "16289773"]
[BlackFideId "16272072"]
[EventCountry "GER"]
[EventRounds "7"]
[EventType "team-swiss"]
[EventDate "2023.12.26"]

1. d4 {[%clk 01:30:56]} {[%emt 00:00:04]} Nf6 {[%clk 01:30:49]} {[%emt
00:00:11]} 2. Bf4 {[%clk 01:31:19]} {[%emt 00:00:08]} c5 {[%clk 01:29:50]}
{[%emt 00:01:28]} 3. c3 {[%clk 01:30:03]} {[%emt 00:01:45]} e6 {[%clk
01:28:22]} {[%emt 00:01:59]} 4. dxc5 {[%clk 01:29:00]} {[%emt 00:01:33]} Bxc5
{[%emt 00:01:07]} 5. Nd2 {[%clk 01:28:41]} {[%emt 00:00:47]} O-O {[%clk
01:20:15]} {[%emt 00:08:02]} 6. e3 {[%clk 01:28:50]} {[%emt 00:00:21]} d5
{[%clk 01:17:15]} {[%emt 00:03:30]} 7. Bd3 {[%clk 01:28:15]} {[%emt 00:01:05]}
a6 {[%clk 01:12:15]} {[%emt 00:05:31]} 8. Qc2 {[%clk 01:28:27]} {[%emt
00:00:17]} Nbd7 {[%clk 01:12:08]} {[%emt 00:00:37]} 9. Ngf3 {[%clk 01:28:16]}
{[%emt 00:00:42]} Re8 {[%clk 01:11:09]} {[%emt 00:01:28]} 10. Ne5 {[%clk
01:23:55]} {[%emt 00:04:51]} Nf8 {[%clk 01:07:37]} {[%emt 00:04:02]} 11. Ndf3
{[%clk 01:22:10]} {[%emt 00:02:15]} Ng6 {[%clk 01:04:31]} {[%emt 00:03:35]} 12.
Bg3 {[%clk 01:21:38]} {[%emt 00:01:02]} Bd6 {[%clk 01:04:10]} {[%emt 00:00:52]}
13. Bxg6 {[%clk 01:18:42]} {[%emt 00:03:26]} hxg6 {[%clk 01:03:44]} {[%emt
00:00:56]} 14. Bh4 {[%clk 01:16:51]} {[%emt 00:02:21]} Qc7 {[%clk 01:02:35]}
{[%emt 00:01:40]} 15. Bxf6 {[%clk 01:13:41]} {[%emt 00:03:38]} gxf6 {[%clk
01:02:24]} {[%emt 00:00:41]} 16. Ng4 {[%clk 01:12:13]} {[%emt 00:01:59]} Kg7
{[%clk 01:02:09]} {[%emt 00:00:44]} 17. h4 {[%clk 01:09:16]} {[%emt 00:03:28]}
Rh8 {[%clk 01:02:04]} {[%emt 00:00:36]} 18. g3 {[%clk 01:01:57]} {[%emt
00:07:49]} Bxg3 {[%clk 00:59:16]} {[%emt 00:03:18]} 19. O-O-O {[%clk 01:02:10]}
{[%emt 00:00:15]} f5 {[%clk 00:57:47]} {[%emt 00:02:00]} 20. h5 {[%clk
00:22:00]} {[%emt 00:40:40]} gxh5 {[%clk 00:44:27]} {[%emt 00:13:50]} 21. Rdg1
{[%clk 00:16:56]} {[%emt 00:05:35]} hxg4 {[%clk 00:37:43]} {[%emt 00:07:14]}
22. Rxh8 {[%clk 00:17:13]} {[%emt 00:00:11]} Kxh8 {[%clk 00:37:57]} {[%emt
00:00:16]} 23. Rxg3 {[%clk 00:17:10]} {[%emt 00:00:33]} Kg7 {[%clk 00:34:23]}
{[%emt 00:04:05]} 24. Qd2 {[%clk 00:11:05]} {[%emt 00:06:35]} Kf6 {[%clk
00:32:06]} {[%emt 00:02:46]} 25. Nh2 {[%clk 00:05:34]} {[%emt 00:06:00]} Ke7
{[%clk 00:31:12]} {[%emt 00:01:24]} 26. e4 {[%clk 00:05:24]} {[%emt 00:00:40]}
dxe4 {[%clk 00:29:28]} {[%emt 00:02:15]} 27. Qg5+ {[%clk 00:05:36]} {[%emt
00:00:18]} Kd6 {[%clk 00:27:01]} {[%emt 00:02:57]} 28. Rg1 {[%clk 00:05:02]}
{[%emt 00:01:04]} Kc6 {[%clk 00:27:06]} {[%emt 00:00:26]} 29. Nf1 {[%clk
00:03:19]} {[%emt 00:02:13]} Kb6 {[%clk 00:25:47]} {[%emt 00:01:48]} 30. Qf6
{[%clk 00:02:39]} {[%emt 00:01:10]} Ka7 {[%clk 00:24:36]} {[%emt 00:01:42]} 31.
Rh1 {[%clk 00:02:15]} {[%emt 00:00:54]} Qf4+ {[%clk 00:23:20]} {[%emt
00:01:46]} 32. Ne3 {[%clk 00:01:23]} {[%emt 00:01:22]} Qxf2 {[%clk 00:23:16]}
{[%emt 00:00:33]} 33. Qd4+ {[%clk 00:01:33]} {[%emt 00:00:20]} b6 {[%clk
00:22:51]} {[%emt 00:00:55]} 34. Rf1 {[%clk 00:01:50]} {[%emt 00:00:14]} Qg3
{[%clk 00:22:40]} {[%emt 00:00:40]} 35. Nc4 {[%clk 00:02:01]} {[%emt 00:00:19]}
Qc7 {[%clk 00:22:23]} {[%emt 00:00:46]} 36. a4 {[%clk 00:02:18]} {[%emt
00:00:13]} Qc5 {[%clk 00:22:26]} {[%emt 00:00:28]} 37. Qxc5 {[%clk 00:01:21]}
{[%emt 00:01:27]} bxc5 {[%clk 00:22:54]} {[%emt 00:00:01]} 38. Nd6 {[%clk
00:01:15]} {[%emt 00:00:36]} Bb7 {[%clk 00:21:59]} {[%emt 00:01:26]} 39. Nxf7
{[%clk 00:01:11]} {[%emt 00:00:33]} Rf8 {[%clk 00:21:44]} {[%emt 00:00:44]} 40.
Ng5 {[%clk 00:01:25]} {[%emt 00:00:17]} Bd5 {[%clk 00:21:07]} {[%emt 00:01:07]}
41. Kd2 {[%clk 00:00:39]} {[%emt 00:01:16]} Rb8 {[%clk 00:20:26]} {[%emt
00:01:12]} 42. Ke3 {[%clk 00:29:45]} {[%emt 00:01:23]} Rxb2 {[%clk 00:50:36]}
{[%emt 00:00:20]} 43. Kf4 {[%clk 00:29:37]} {[%emt 00:00:39]} Bc4 {[%clk
00:49:09]} {[%emt 00:01:58]} 44. Rd1 {[%clk 00:29:39]} {[%emt 00:00:28]} Kb6
{[%clk 00:48:49]} {[%emt 00:00:50]} 45. Rd6+ {[%clk 00:29:38]} {[%emt
00:00:30]} Kc7 {[%clk 00:47:58]} {[%emt 00:01:22]} 46. Ke5 {[%clk 00:29:52]}
{[%emt 00:00:15]} e3 {[%clk 00:46:49]} {[%emt 00:01:40]} 47. Nxe6+ {[%clk
00:29:16]} {[%emt 00:01:07]} Bxe6 {[%clk 00:46:55]} {[%emt 00:00:23]} 48. Rxe6
{[%clk 00:29:43]} {[%emt 00:00:03]} Rf2 {[%clk 00:47:02]} {[%emt 00:00:23]} 49.
Kd5 {[%clk 00:29:44]} {[%emt 00:00:28]} e2 {[%clk 00:46:39]} {[%emt 00:00:53]}
50. Kxc5 {[%clk 00:30:02]} {[%emt 00:00:12]} Kd7 {[%clk 00:46:06]} {[%emt
00:01:04]} 51. Re5 {[%clk 00:30:00]} {[%emt 00:00:32]} g3 {[%clk 00:45:56]}
{[%emt 00:00:40]} 52. Kb6 {[%clk 00:29:58]} {[%emt 00:00:32]} g2 {[%clk
00:46:09]} {[%emt 00:00:18]} 53. Kxa6 {[%clk 00:30:16]} {[%emt 00:00:11]} g1=Q
{[%clk 00:46:33]} {[%emt 00:00:06]} 0-1

[Event "DVM U20 2023"]
[Site "Magdeburg GER"]
[Date "2023.12.29"]
[Round "6"]
[White "Becker, Samuel"]
[Black "Gerold, Robin"]
[Result "0-1"]
[Termination "normal"]
[Board "7.5"]
[WhiteElo "1338"]
[BlackElo "1532"]
[WhiteClock "00:21:21"]
[BlackClock "00:18:51"]
[WhiteTeam "SF Essen-Katernberg 04/32"]
[BlackTeam "SF HN-Biberach 1978"]
[PlyCount "62"]
[WhiteFideId "16271653"]
[BlackFideId "16235185"]
[EventCountry "GER"]
[EventRounds "7"]
[EventType "team-swiss"]
[EventDate "2023.12.26"]

1. e4 {[%clk 01:30:57]} {[%emt 00:00:02]} c5 {[%clk 01:29:04]} {[%emt
00:01:56]} 2. c4 {[%clk 01:31:20]} {[%emt 00:00:08]} Nc6 {[%clk 01:29:26]}
{[%emt 00:00:08]} 3. Nc3 {[%clk 01:31:32]} {[%emt 00:00:18]} d6 {[%clk
01:29:31]} {[%emt 00:00:25]} 4. g3 {[%clk 01:31:46]} {[%emt 00:00:16]} g6
{[%clk 01:29:38]} {[%emt 00:00:23]} 5. Bg2 {[%clk 01:32:00]} {[%emt 00:00:15]}
Bg7 {[%clk 01:30:03]} {[%emt 00:00:06]} 6. Nge2 {[%clk 01:32:22]} {[%emt
00:00:07]} e5 {[%clk 01:30:01]} {[%emt 00:00:32]} 7. O-O {[%clk 01:31:57]}
{[%emt 00:00:55]} Nge7 {[%clk 01:30:11]} {[%emt 00:00:20]} 8. d3 {[%clk
01:32:08]} {[%emt 00:00:19]} O-O {[%clk 01:30:36]} {[%emt 00:00:05]} 9. Rb1
{[%clk 01:31:08]} {[%emt 00:01:31]} f5 {[%clk 01:29:04]} {[%emt 00:02:02]} 10.
Bg5 {[%clk 01:26:55]} {[%emt 00:04:43]} h6 {[%clk 01:28:11]} {[%emt 00:01:23]}
11. Be3 {[%clk 01:27:16]} {[%emt 00:00:08]} g5 {[%clk 01:28:16]} {[%emt
00:00:26]} 12. exf5 {[%clk 01:21:08]} {[%emt 00:06:37]} Nxf5 {[%clk 01:27:53]}
{[%emt 00:00:54]} 13. Bd5+ {[%clk 01:19:33]} {[%emt 00:02:04]} Kh8 {[%clk
01:28:01]} {[%emt 00:00:22]} 14. Qd2 {[%clk 01:18:04]} {[%emt 00:01:59]} Qe7
{[%clk 01:20:41]} {[%emt 00:07:51]} 15. Bg2 {[%clk 01:17:31]} {[%emt 00:01:02]}
Be6 {[%clk 01:14:42]} {[%emt 00:06:29]} 16. Nd5 {[%clk 01:15:20]} {[%emt
00:02:41]} Qd7 {[%clk 01:08:51]} {[%emt 00:06:22]} 17. a3 {[%clk 01:11:08]}
{[%emt 00:04:41]} Rae8 {[%clk 01:05:48]} {[%emt 00:03:33]} 18. b4 {[%clk
01:05:13]} {[%emt 00:06:26]} b6 {[%clk 01:05:54]} {[%emt 00:00:24]} 19. bxc5
{[%clk 01:04:15]} {[%emt 00:01:28]} dxc5 {[%clk 01:05:22]} {[%emt 00:01:01]}
20. Qc2 {[%clk 00:58:06]} {[%emt 00:06:39]} Nfd4 {[%clk 01:03:52]} {[%emt
00:02:02]} 21. Bxd4 {[%clk 00:57:28]} {[%emt 00:01:06]} exd4 {[%clk 01:04:08]}
{[%emt 00:00:14]} 22. Rbe1 {[%clk 00:51:14]} {[%emt 00:06:44]} Ne7 {[%clk
01:00:18]} {[%emt 00:04:20]} 23. Nxe7 {[%clk 00:47:01]} {[%emt 00:04:44]} Rxe7
{[%clk 01:00:37]} {[%emt 00:00:10]} 24. Nc1 {[%clk 00:45:55]} {[%emt 00:01:37]}
Ref7 {[%clk 01:00:21]} {[%emt 00:00:46]} 25. Nb3 {[%clk 00:43:13]} {[%emt
00:03:12]} Bg4 {[%clk 00:37:18]} {[%emt 00:23:32]} 26. Nd2 {[%clk 00:38:56]}
{[%emt 00:04:47]} Bf6 {[%clk 00:33:12]} {[%emt 00:04:36]} 27. Ne4 {[%clk
00:38:51]} {[%emt 00:00:35]} Bd8 {[%clk 00:31:53]} {[%emt 00:01:50]} 28. Qc1
{[%clk 00:30:41]} {[%emt 00:08:40]} Bf3 {[%clk 00:30:07]} {[%emt 00:02:15]} 29.
Qc2 {[%clk 00:27:08]} {[%emt 00:04:04]} g4 {[%clk 00:28:19]} {[%emt 00:02:18]}
30. Qd2 {[%clk 00:23:40]} {[%emt 00:03:58]} Rh7 {[%clk 00:24:22]} {[%emt
00:04:27]} 31. Qc1 {[%clk 00:21:21]} {[%emt 00:02:47]} Qf5 {[%clk 00:18:51]}
{[%emt 00:06:00]} 0-1

[Event "DVM U20 2023"]
[Site "Magdeburg GER"]
[Date "2023.12.29"]
[Round "6"]
[White "Martsfeld, Jonas"]
[Black "Mark, Erwin Nikolaus"]
[Result "1-0"]
[Termination "normal"]
[Board "7.6"]
[WhiteElo "1421"]
[BlackElo "1304"]
[WhiteClock "00:39:41"]
[BlackClock "01:13:39"]
[WhiteTeam "SF HN-Biberach 1978"]
[BlackTeam "SF Essen-Katernberg 04/32"]
[PlyCount "35"]
[WhiteFideId "16255640"]
[BlackFideId "34681566"]
[EventCountry "GER"]
[EventRounds "7"]
[EventType "team-swiss"]
[EventDate "2023.12.26"]

1. e4 {[%clk 01:30:59]} {[%emt 00:00:02]} e6 {[%clk 01:30:59]} 2. Nf3 {[%clk
01:31:19]} {[%emt 00:00:10]} d5 {[%clk 01:31:20]} {[%emt 00:00:10]} 3. Nc3
{[%clk 01:31:32]} {[%emt 00:00:17]} c5 {[%clk 01:30:40]} {[%emt 00:01:10]} 4.
Bb5+ {[%clk 01:16:11]} {[%emt 00:15:50]} Bd7 {[%clk 01:26:56]} {[%emt
00:04:15]} 5. Bxd7+ {[%clk 01:06:06]} {[%emt 00:10:35]} Qxd7 {[%clk 01:26:32]}
{[%emt 00:00:53]} 6. exd5 {[%clk 01:06:30]} {[%emt 00:00:07]} exd5 {[%clk
01:26:50]} {[%emt 00:00:12]} 7. O-O {[%clk 01:06:49]} {[%emt 00:00:12]} d4
{[%clk 01:25:34]} {[%emt 00:02:25]} 8. Re1+ {[%clk 01:05:44]} {[%emt 00:01:56]}
Be7 {[%clk 01:25:38]} {[%emt 00:00:25]} 9. Ne5 {[%clk 01:05:32]} {[%emt
00:00:41]} Qd8 {[%clk 01:19:03]} {[%emt 00:07:06]} 10. Qf3 {[%clk 01:00:29]}
{[%emt 00:05:33]} Nf6 {[%clk 01:19:08]} {[%emt 00:00:26]} 11. Qxb7 {[%clk
00:59:09]} {[%emt 00:01:50]} Nbd7 {[%clk 01:18:14]} {[%emt 00:01:23]} 12. Nc6
{[%clk 00:37:34]} {[%emt 00:22:05]} Qc8 {[%clk 01:15:23]} {[%emt 00:03:21]} 13.
Qxc8+ {[%clk 00:37:20]} {[%emt 00:00:43]} Rxc8 {[%clk 01:15:50]} {[%emt
00:00:04]} 14. Nxe7 {[%clk 00:37:41]} {[%emt 00:00:09]} Rb8 {[%clk 01:15:40]}
{[%emt 00:00:40]} 15. Ng6+ {[%clk 00:36:07]} {[%emt 00:02:03]} Kd8 {[%clk
01:14:26]} {[%emt 00:03:40]} 16. Nxh8 {[%clk 00:38:55]} {[%emt 00:00:08]} dxc3
{[%clk 01:14:23]} {[%emt 00:00:33]} 17. Nxf7+ {[%clk 00:39:19]} {[%emt
00:00:07]} Kc7 {[%clk 01:13:39]} {[%emt 00:01:13]} 18. dxc3 {[%clk 00:39:41]}
{[%emt 00:00:08]} 1-0

[Event "DVM U20 2023"]
[Site "Magdeburg GER"]
[Date "2023.12.29"]
[Round "6"]
[White "Leonard, Timo"]
[Black "Pikalow, Michael"]
[Result "1-0"]
[Termination "normal"]
[Board "8.1"]
[WhiteElo "2170"]
[BlackElo "2083"]
[WhiteClock "00:03:38"]
[BlackClock "00:25:48"]
[WhiteTeam "SV Hemer 1932"]
[BlackTeam "USC Magdeburg"]
[PlyCount "65"]
[WhiteFideId "16208757"]
[BlackFideId "16227638"]
[EventCountry "GER"]
[EventRounds "7"]
[EventType "team-swiss"]
[EventDate "2023.12.26"]

1. d4 {[%clk 01:30:56]} {[%emt 00:00:03]} e5 {[%clk 01:30:06]} {[%emt
00:00:55]} 2. dxe5 {[%clk 01:30:25]} {[%emt 00:01:01]} Nc6 {[%clk 01:30:19]}
{[%emt 00:00:17]} 3. Nf3 {[%clk 01:30:16]} {[%emt 00:00:37]} d6 {[%clk
01:30:44]} {[%emt 00:00:07]} 4. exd6 {[%clk 01:29:39]} {[%emt 00:01:06]} Bxd6
{[%clk 01:31:09]} {[%emt 00:00:05]} 5. Nc3 {[%clk 01:22:06]} {[%emt 00:08:03]}
Bg4 {[%clk 01:28:58]} {[%emt 00:02:42]} 6. Nb5 {[%clk 01:05:38]} {[%emt
00:16:57]} Bb4+ {[%clk 01:25:27]} {[%emt 00:04:01]} 7. c3 {[%clk 01:01:45]}
{[%emt 00:04:22]} Qxd1+ {[%clk 01:25:02]} {[%emt 00:00:55]} 8. Kxd1 {[%clk
01:02:11]} {[%emt 00:00:04]} O-O-O+ {[%clk 01:25:27]} {[%emt 00:00:05]} 9. Nd2
{[%clk 01:01:49]} {[%emt 00:00:52]} Bc5 {[%clk 01:21:03]} {[%emt 00:04:54]} 10.
f3 {[%clk 01:00:01]} {[%emt 00:02:18]} Bh5 {[%clk 01:20:36]} {[%emt 00:00:57]}
11. e4 {[%clk 00:58:59]} {[%emt 00:01:33]} Nf6 {[%clk 01:19:21]} {[%emt
00:01:45]} 12. Kc2 {[%clk 00:57:53]} {[%emt 00:01:35]} Rhe8 {[%clk 01:13:58]}
{[%emt 00:05:54]} 13. b4 {[%clk 00:55:15]} {[%emt 00:03:07]} Bf8 {[%clk
01:13:38]} {[%emt 00:00:50]} 14. Nb3 {[%clk 00:50:34]} {[%emt 00:05:11]} a6
{[%clk 01:11:27]} {[%emt 00:02:42]} 15. Na3 {[%clk 00:44:16]} {[%emt 00:06:48]}
Ne5 {[%clk 01:09:07]} {[%emt 00:02:50]} 16. Nd2 {[%clk 00:36:55]} {[%emt
00:07:50]} b5 {[%clk 01:05:22]} {[%emt 00:04:16]} 17. Nab1 {[%clk 00:32:00]}
{[%emt 00:05:25]} g5 {[%clk 01:00:03]} {[%emt 00:05:48]} 18. a4 {[%clk
00:30:16]} {[%emt 00:02:14]} c6 {[%clk 00:58:54]} {[%emt 00:01:39]} 19. axb5
{[%clk 00:30:41]} {[%emt 00:00:06]} axb5 {[%clk 00:59:18]} {[%emt 00:00:05]}
20. h3 {[%clk 00:24:15]} {[%emt 00:06:56]} Kb8 {[%clk 00:51:47]} {[%emt
00:08:02]} 21. Rg1 {[%clk 00:19:56]} {[%emt 00:04:49]} Bg6 {[%clk 00:49:18]}
{[%emt 00:02:59]} 22. Kb2 {[%clk 00:12:43]} {[%emt 00:07:43]} h6 {[%clk
00:46:11]} {[%emt 00:03:36]} 23. Nb3 {[%clk 00:11:53]} {[%emt 00:01:20]} Rd1
{[%clk 00:42:22]} {[%emt 00:04:19]} 24. Be3 {[%clk 00:09:17]} {[%emt 00:03:07]}
Red8 {[%clk 00:35:11]} {[%emt 00:07:42]} 25. Bd4 {[%clk 00:07:44]} {[%emt
00:02:02]} R8xd4 {[%clk 00:29:59]} {[%emt 00:05:41]} 26. Nxd4 {[%clk 00:03:17]}
{[%emt 00:04:57]} Nc4+ {[%clk 00:29:59]} {[%emt 00:00:30]} 27. Bxc4 {[%clk
00:03:08]} {[%emt 00:00:40]} Rxg1 {[%clk 00:30:13]} {[%emt 00:00:16]} 28. Nxc6+
{[%clk 00:03:04]} {[%emt 00:00:35]} Kc7 {[%clk 00:30:04]} {[%emt 00:00:40]} 29.
Bxb5 {[%clk 00:03:23]} {[%emt 00:00:10]} Rxg2+ {[%clk 00:29:03]} {[%emt
00:01:30]} 30. Kb3 {[%clk 00:03:44]} {[%emt 00:00:09]} Rg1 {[%clk 00:27:08]}
{[%emt 00:02:25]} 31. Ra7+ {[%clk 00:03:06]} {[%emt 00:01:09]} Kb6 {[%clk
00:27:11]} {[%emt 00:00:26]} 32. Na3 {[%clk 00:03:29]} {[%emt 00:00:07]} Ne8
{[%clk 00:25:48]} {[%emt 00:01:52]} 33. Nc4+ {[%clk 00:03:38]} {[%emt
00:00:21]} 1-0